Petr Velikij, pro et contra ličnost' i dejanija Petra I v ocenke russkich myslitelej i issledovatelej : antologija

Podrobná bibliografia
Médium: Kniha
Jazyk:ruština
Fyzický popis:1023 s. 22 cm
Vydavateľské údaje: Sankt-Peterburg Russkij Christianskij gumanitarnyj institut 2003
ISBN:5888121495 (viaz.)
Edícia:Russkij put'
Predmet:

MARC

LEADER 00000nam a2200000 a 4500
001 vtls008160087
003 SK-MaSNL
005 20260302003350.0
008 050614s2003 ru g h 001 0brus
020 |a 5888121495 (viaz.) 
040 |a SNK  |b slo  |c SNK  |e AACR 
041 0 |a rus 
043 |a e-ur-ru 
044 |a ru  |c RU 
072 7 |a 94(47)  |x Dejiny krajín východnej Európy  |2 konspekt 
072 7 |a 929  |x Biografie  |2 konspekt 
080 |a 94(47)  |2 2001 
080 |a 929  |2 2001 
080 |a 94(47)-051  |2 2001 
080 |a (092)  |2 2001 
245 0 0 |a Petr Velikij, pro et contra  |b ličnost' i dejanija Petra I v ocenke russkich myslitelej i issledovatelej : antologija  |c [redaktor: S. N. Kazakov] 
260 |a Sankt-Peterburg  |b Russkij Christianskij gumanitarnyj institut  |c 2003 
300 |a 1023 s.  |c 22 cm 
490 0 |a Russkij put' 
600 0 7 |a Peter  |b I.,  |c ruský cár,  |d 1672-1725  |2 SNKMA 
648 7 |a 17.-18. storočie  |2 SNK  |9 291315 
650 0 7 |a panovníci  |2 SNKPH  |9 4132 
650 0 7 |a Rusko  |2 SNKPHgeo  |9 162943 
655 7 |a biografie  |2 SNKPH  |9 27965 
700 1 |a Kazakov, S. N.  |4 red  |9 641974 
830 0 |a Russkij put'  |9 390863 
919 |a 5-88812-149-5 
999 |c 991677  |d 993607 
952 |a SNK  |b SNK  |y VYP  |7 0  |p 17A0471749  |o snkIC 132377  |i snk2005/10992  |8 2  |g 12.95  |0 0  |1 0  |4 0  |d 2005-06-14  |l 0  |r 2026-02-24 11:51:54  |w 2026-02-24